| 000 | 00435cam a2200181 4500 | ||
|---|---|---|---|
| 001 | D826 | ||
| 008 | 090401t1980 xxu||||| |||| 00| 0 eng d | ||
| 035 | _a(Sirsi) u48275 | ||
| 041 | _aeng | ||
| 050 | _a658.1552 | ||
| 100 | _aAhuja, Hira N | ||
| 245 | _aSuccessful construction cost control | ||
| 260 |
_aNew York _bJohn Wiley and Sons _c1980 |
||
| 300 | _axvii. 388p. 24cm | ||
| 350 | _a18.1 | ||
| 942 | _n0 | ||
| 948 | _c04/03/1997 | ||
| 999 |
_c92312 _d92312 |
||